000 00942nam a22002657a 4500
005 20180509090411.0
008 180509s1981 sp gr spa d
040 _aCo-BoUCM
_bspa
_cSaul Niño
_dSaul Niño
041 0 0 _aspa
100 1 0 _aBalzac, Honoré De
_d1799-1850
_945486
245 0 4 _aCuentos libertinos
_cHonore de Balzac ; traducción Noelle Boer y María Teresa Cirlot
260 _aBarcelona (España)
_bBruguera
_c1981
300 _a349 páginas
_bilustraciones
490 0 _aBruguera - libro amigo
_v1502. 840
500 _aEdición Carlos Pujol
650 0 4 _aLiteratura francesa
_97794
650 7 _aCuentos franceses
_912274
650 7 _aHumorismo
_917085
650 7 _aRelatos
_923487
700 1 0 _aBoer, Noelle
_etraductor
_992394
700 1 0 _aCirlot, María Teresa
_etraductor
_992395
765 _tLes contes drolatiques
942 _cLIBRO
_a18
_e1
_mB15
_n0
_2DEWEY
_h843.7
999 _c309838
_d309838